ՀՀ Գիտությունների ազգային ակադեմիայի հիմնարար գիտական գրադարան  =   Fundamental Scientific Library of NAS RA
Normal view MARC view

Entry Personal Name

Number of records used in: 6

001 - CONTROL NUMBER

  • control field: 1969

003 - CONTROL NUMBER IDENTIFIER

  • control field: AM-YEHGA

005 - DATE AND TIME OF LATEST TRANSACTION

  • control field: 20250617070432.0

008 - FIXED-LENGTH DATA ELEMENTS

  • fixed length control field: 050701 a|ac|n|aab||||||||||||a |n|||||||

040 ## - CATALOGING SOURCE

  • Original cataloging agency: AM-YEHGA

100 1# - HEADING--PERSONAL NAME

  • Personal name: Պողոսյան, Հակոբ,
  • Dates associated with a name: 1890-?

400 1# - SEE FROM TRACING--PERSONAL NAME

  • Personal name: Պօղոսեան, Յակոբ Պ.
  • Dates associated with a name: 1890-?

400 1# - SEE FROM TRACING--PERSONAL NAME

  • Personal name: Պօղոսեան, Յակոբ,
  • Dates associated with a name: 1890-?

400 1# - SEE FROM TRACING--PERSONAL NAME

  • Personal name: Պօղոսեան, Յ.Պ.
  • Dates associated with a name: 1890-?

400 1# - SEE FROM TRACING--PERSONAL NAME

  • Personal name: Погосян, Акоп,
  • Dates associated with a name: 1890-?

400 1# - SEE FROM TRACING--PERSONAL NAME

  • Personal name: Poghosyan, Hakob,
  • Dates associated with a name: 1890-?

670 ## - SOURCE DATA FOUND

  • Source citation: Ստեփանյան Գ. Կենսագրական բառարան, 1990 :
  • Information found: հ.Գ, գ. I (Պողոսյան Հակոբ (1890-?, Երևան), հոգեբան, բանասեր։ Փիլ. դ-ր (1917, Կոլումբիայի համալս., ԱՄՆ), պրոֆ. (1992); bI ն.տ. (Լոնդոնի աշխարհագր. ընկ. անդամ (1920))

670 ## - SOURCE DATA FOUND

  • Source citation: Ներածութիւն հայ հոգեբանութեան, 1958 :
  • Information found: տիտղթ. (Յ.Պ. Պօղոսեան); (Պօղոսեան Յակոբ Պ.)


ՀՀ ԳԱԱ հիմնարար գիտական գրադարան
ՀՀ,Երևան 0019
Մարշալ Բաղրամյան 24/6
հեռախոս:(374-10) 52-47-50
Հետադարձ կապ

All site content, except where otherwise noted, is licensed under a
Creative Commons License